00740nam a22002057a 450000500170000001000150001702000270003203500130005903700130007208200150008510000150010024500500011526000420016527000720020730000270027950000500030694200290035699900170038595201320040220140908111827.0 aENG-110757 a9788183876407c1395.00 aEN-94289 bDBAD/PUB a305.420954 aAyan Hazra aEmpowerment of tribal women /c by Ayan Hazra aNew DelhibSerials Publicationsc2014 a4830/24, Prahlad Street, Ansari Road, Darya GanjbNew Delhie110002 axviii,390p. c22cm(Hb) aIncludes bibliographical references and index 2ddccENh305.420954mAYA c88340d88340 001040718NFICaDBADbDBADd2014-09-05eDBAD / PUBg1395.00l0o305.420954 AYApEN-94289r2014-09-05 00:00:00t1v1395.00yEN